Plasticity and geomechanics

Plasticity theory is widely used to describe the behaviour of soil and rock in many engineering situations. Plasticity and Geomechanics presents a concise introduction to the general subject of plasticity with a particular emphasis on applications in geomechanics. Derived from the authors' own...

全面介紹

Đã lưu trong:
書目詳細資料
主要作者: Davis, R. O.
格式: 圖書
語言:Undetermined
出版: Cambridge Cambridge University Press 2010
主題:
標簽: 添加標簽
沒有標簽, 成為第一個標記此記錄!
Thư viện lưu trữ: Trung tâm Học liệu Trường Đại học Cần Thơ
LEADER 01510nam a2200193Ia 4500
001 CTU_191456
008 210402s9999 xx 000 0 und d
082 |a 624.151 
082 |b D261 
100 |a Davis, R. O. 
245 0 |a Plasticity and geomechanics 
245 0 |c R. O. Davis, A. P. S. Selvadurai 
260 |a Cambridge 
260 |b Cambridge University Press 
260 |c 2010 
520 |a Plasticity theory is widely used to describe the behaviour of soil and rock in many engineering situations. Plasticity and Geomechanics presents a concise introduction to the general subject of plasticity with a particular emphasis on applications in geomechanics. Derived from the authors' own lecture notes, this book is written with students firmly in mind. Excessive use of mathematical methods is avoided in the main body of the text and, where possible, physical interpretations are given for important concepts. In this way the authors present a clear introduction to the complex ideas and concepts of plasticity as well as demonstrating how this developing subject is of critical importance to geomechanics and geotechnical engineering. This book therefore complements Elasticity and Geomechanics by the same authors and will appeal to graduate students and researchers in the fields of soil mechanics, foundation engineering, and geomechanics. 
650 |a Plasticity,Soil mechanics,Chất dẽo,Cơ học đất 
904 |i Qhieu 
980 |a Trung tâm Học liệu Trường Đại học Cần Thơ